<?xml version="1.0" encoding="UTF-8"?><?xml-stylesheet type="text/xsl" href="static/style.xsl"?><OAI-PMH xmlns="http://www.openarchives.org/OAI/2.0/" xmlns:xsi="http://www.w3.org/2001/XMLSchema-instance" xsi:schemaLocation="http://www.openarchives.org/OAI/2.0/ http://www.openarchives.org/OAI/2.0/OAI-PMH.xsd"><responseDate>2026-06-01T16:04:41Z</responseDate><request verb="GetRecord" identifier="oai:riuma.uma.es:10630/20593" metadataPrefix="marc">https://riuma.uma.es/rest/oai/request</request><GetRecord><record><header><identifier>oai:riuma.uma.es:10630/20593</identifier><datestamp>2026-02-03T12:23:33Z</datestamp><setSpec>com_10630_2254</setSpec><setSpec>col_10630_37959</setSpec></header><metadata><record xmlns="http://www.loc.gov/MARC21/slim" xmlns:dcterms="http://purl.org/dc/terms/" xmlns:doc="http://www.lyncode.com/xoai" xmlns:xsi="http://www.w3.org/2001/XMLSchema-instance" xsi:schemaLocation="http://www.loc.gov/MARC21/slim http://www.loc.gov/standards/marcxml/schema/MARC21slim.xsd">
   <leader>00925njm 22002777a 4500</leader>
   <datafield ind2=" " ind1=" " tag="042">
      <subfield code="a">dc</subfield>
   </datafield>
   <datafield ind2=" " ind1=" " tag="720">
      <subfield code="a">Martínez-Rojas, María</subfield>
      <subfield code="e">author</subfield>
   </datafield>
   <datafield ind2=" " ind1=" " tag="260">
      <subfield code="c">2020-12-16</subfield>
   </datafield>
   <datafield ind2=" " ind1=" " tag="520">
      <subfield code="a">En la enseñanza tradicional los únicos contenidos que se contemplan son los conocimientos. En cambio, la enseñanza basada en competencias, que propugna la Convergencia Europea, exige la integración en cada materia de tres tipos de contenidos: conceptuales, actitudinales y procedimentales. Los objetivos didácticos deben ser observables y medibles [2] y la actividad docente adquiere nuevos enfoques. Esta realidad supone implicaciones directas en la metodología docente [5], proporcionando la oportunidad de introducir en el aula metodologías que desarrollen múltiples competencias transversales. Uno de los métodos de aprendizaje cooperativo es el denominado role playing o juego de rol, en el que el formador desea que un conocimiento que está explicando se transforme en el alumno en una habilidad. &#xd;
Esta metodología puede resultar de gran interés al estudiante de Ingeniería de Edificación ya que, en la normalmente desconoce el medio social en el que va a desarrollar su profesión, entorno en el que existe una amplia gama de formas de ejercer su trabajo y en algunos casos hasta contrapuesta con intereses encontrados. Sin embargo, todos ellos inciden sobre el mismo objeto, el proyecto.</subfield>
   </datafield>
   <datafield ind1="8" ind2=" " tag="024">
      <subfield code="a">https://hdl.handle.net/10630/20593</subfield>
   </datafield>
   <datafield tag="653" ind2=" " ind1=" ">
      <subfield code="a">Juegos de rol</subfield>
   </datafield>
   <datafield ind2="0" ind1="0" tag="245">
      <subfield code="a">Un taller basado en juegos de rol para estudiantes de ingeniería de la edificación</subfield>
   </datafield>
</record>
</metadata></record></GetRecord></OAI-PMH>